| 000 | 01689nam a2200313 a 4500 | ||
|---|---|---|---|
| 001 | BRCA_3169 | ||
| 005 | 20190320204138.0 | ||
| 008 | 120209s1707----ne-a---###---#000-0#dut-u | ||
| 041 | _adut | ||
| 044 | _ane | ||
| 084 |
_a472 _b.G73 _c1707 |
||
| 100 | 1 |
_aCervantes Saavedra, Miguel de _d1547-1616 _9213 |
|
| 245 | 1 | 0 |
_aDen Verstandigen Vromen Ridder Don Quichot de la Mancha _cgeschreeven door Miguel de Cervantes Saavedra. |
| 260 |
_aAmsterdam (Holanda) _bJan Graal _c1707 |
||
| 300 |
_a1 v. (en 2 tomos) _bil. _c18 cm. |
||
| 500 | _aContenido : Primera parte. Prólogo del traductor. Don poesias dirigidas a Don Quijote. Texto. Segunda parte. Registro alfabético de nombres propios usados en la novela. Texto | ||
| 500 | _aEdición : En uit de spaansche in onze Nederlandsche tale overgezet, doot L.V.D.B. Verciert met 25 kopere misstelligen gezuiverd door G.V.B. En verrykt met een naauwkeurig Register | ||
| 500 | _aSexta edición de la primera traducción holandesa hecha por Lambert Van den Bosch y corregida por G.V. Broekhuysen. Bien impresa, láminas hechas por un ilustrador anónimo, según parece holandés, ya que tanto los tipos humanos como el ambiente de las mismas, son holandesas. Pergamino Lúdovik Osterc | ||
| 500 | _aQM567 | ||
| 546 | _aTexto en : holandés | ||
| 650 | 1 | 4 |
_aNovela española _yÉpoca clásica, 1500-1700 _9215 |
| 650 | 1 | 4 |
_aLiteratura española _yÉpoca clásica, 1500-1700 _9216 |
| 650 | 1 | 4 |
_aNovela española _ySiglo XVII _9217 |
| 650 | 1 | 4 |
_aDon Quijote (Personaje ficticio) _eNovela _9218 |
| 700 | 1 |
_aBosch, Lambert Van den _eTraductor _98532 |
|
| 740 | 0 | _aEl Ingenioso Hidalgo Don Quijote de la Mancha | |
| 902 | _aQFM | ||
| 942 |
_2lcc _cB |
||
| 999 |
_c2905 _d2905 |
||